| 000 | 00342nam a22001457a 4500 | ||
|---|---|---|---|
| 020 | _qPB. | ||
| 040 | _cFIZZA ISHAQ | ||
| 082 |
_a627.042 _bKNI |
||
| 100 |
_aW,D KNIGHT. _9108974 |
||
| 245 |
_aPRACTICAL CHANNEL HYDRALICS / _cKNIGHT D.W. |
||
| 250 | _a2ND EDITION. | ||
| 260 |
_aCRC PRESS ; _c2018. |
||
| 300 | _a605 P. ; | ||
| 942 |
_2ddc _cBK |
||
| 999 |
_c593241 _d593241 |
||